Statistiche per Capitali mondiali più vicine ad Ankara

Clicka qui per fare il quiz!

Statistiche generali

  • Questo quiz è stato fatto 39 volte
  • Il punteggio medio è 14 su 20

Statistiche sulle risposte

kmcapitale% Corretto
818Atene
100%
854Sofia
94%
750Bucarest
86%
1111Tirana
83%
530Nicosia
81%
987Skopje
78%
932Gerusalemme
75%
1154Belgrado
72%
776Damasco
72%
850Chișinău
69%
1109Il Cairo
69%
1263Baghdad
67%
712Beirut
67%
1028Tbilisi
67%
1170Podgorica
64%
1186Kiev
58%
1023Pristina
58%
992Erevan
56%
930Amman
44%
917Ramallah
0%

Distribuzione punteggi

Percentile per numero di risposta

Percentuale di utenti per punteggio

I tuoi punteggi nel tempo

Non hai fatto questo quiz